000 00324nam a2200121Ia 4500
008 240731s9999 xx 000 0 und d
022 _a1469-8420
245 0 _aInnovations in Education and Training International
260 _bRoutledge
856 _uhttps://www.tandfonline.com/loi/riie19
942 _2ddc
942 _cTFEJ
999 _c76985
_d76985
945 _a1
_bMadushi Gamage
_c1
_dMadushi Gamage